• 首页
  • 本馆介绍
  • 公告通知
  • 最新文献
  • 馆藏检索
  • 电子资源
  • 读者导购
  • 参考咨询
  • 我的图书馆
  • 登录
  • 详细信息显示
  • 放入我的书架
  • 预约/预借图书
  • 作者相关作品
  • 分类相关作品
  • 丛书相关作品
  • 出版社相关作品

书目信息

  • 表格格式
  • 工作单格式
  • 卡片格式
题名:
麦德罗
    
 
作者: 普拉托里尼 , Pratolini 著 ;刘黎亭 译
分册:  
出版信息: 上海   上海译文出版社  1984
页数: 360页
开本: 19cm
丛书名:
单 册:
中图分类: I546.45 , I546.4
科图分类:
主题词: 小说--意大利--现代
电子资源:
ISBN:
000 00763nam0 2200277 450
001 1540471082
005 20150121111507.31
010    @dCNY1.00
091    @a10188.438
100    @a19950615d1984 em y0chiy0110 ea
101 1  @achi@cita
102    @aCN@b310000
105    @ay z 000ay
200 1  @a麦德罗@9mai de luo@f(意)普拉托里尼(V.Pratolini)著@g刘黎亭,袁华清译
210    @a上海@c上海译文出版社@d1984
215    @a360页@d19cm
300    @a书名原文:Metello
510 1  @aMetello@zita
606 0  @a小说@y意大利@z现代
690    @aI546.45@v5
690    @aI546.4@v4
701  1 @a普拉托里尼@9pu la tuo li ni@bV.@4著
701  1 @aPratolini@bV.@4著
702  0 @a刘黎亭@9liu li ting@4译
801  0 @aCN@bTSSF@c20150121
905    @aZUCC@dI546.4@eJY9
    
    麦德罗/(意)普拉托里尼(V.Pratolini)著/刘黎亭,袁华清译.-上海:上海译文出版社,1984
    360页;19cm
    书名原文:Metello
    
    ISBN :CNY1.00
    
●
相关链接 在E读中查询图书 在五车中查询图书 在当当中查询图书 在豆瓣中查询图书


正题名:麦德罗     索取号:I546.4/JY9         预约/预借

序号 登录号 条形码 馆藏地/架位号 状态 备注
1 7849525   278495255   学院路分馆/ [索取号:I546.4/JY9] 在馆    
2 7849526   278495264   学院路分馆/ [索取号:I546.4/JY9] 在馆    
3 7849527   278495273   学院路分馆/ [索取号:I546.4/JY9] 在馆    
4 7849528   278495282   学院路分馆/ [索取号:I546.4/JY9] 在馆    
唐山师范学院图书馆 欢迎您!
大连网信软件有限公司© 版权所有